000 00423nam a22001697a 4500
999 _c1591
_d1590
005 20210828163727.0
008 160524b xxu||||| |||| 00| 0 eng d
020 _a978-81-8052-229-1
041 _aeng
082 _b4719
_a657
100 _aAhmad Naseem and Others
_91174
245 _aFinancial Accounting
260 _aNew Delhi
_bAcademic Faundation
_c2009
300 _a967
650 _aManagement
_9241
942 _cBK